Montenegro-Quiz - Statistiken

Allgemein
  • Dieses Quiz wurde 2.219 mal gespielt
  • Das Durchschnittsergebnis liegt bei 14 aus 20
Antwortstatistiken
Frage Antwort % Korrekt
Nachbarland Serbien
96%
Nachbarland Albanien
95%
Nachbarland Bosnien und Herzegowina
95%
Nachbarland Kosovo
94%
Nachbarland Kroatien
94%
Zweiköpfiges Tier auf der Flagge Adler
84%
Militärbündnis, dem Montenegro 2017 beitrat NATO
84%
Hauptstadt Podgorica
84%
Teil des Mittelmeers, an den Montenegro grenzt Adria
82%
Land, von dem Montenegro 1918–1992 abhängig war Jugoslawien
78%
Halbinsel auf der Montenegro liegt Balkan
75%
Reich, das Teile Montenegros von 1496–1878 kontrollierte Osmanisches Reich
72%
Deutsche Bedeutung von « Montenegro » Schwarzer Berg
68%
Amtssprache Montenegrinisch
57%
Italienische Republik, die die obige Bucht 1420–1797 kontrollierte Venedig
54%
Montenegro wurde 1910 unter dieser Staatsform proklamiert Königreich
52%
Ehemaliger Name der Hauptstadt 1946–1992, nach einem Diktator benannt {Tito}grad
51%
Montenegro trat der UNO 2006 bei. Welches einzige Land wurde erst später Mitglied? Südsudan
46%
Größte Bucht, die zum UNESCO-Welterbe gehört Bucht von {Kotor}
23%
Größter See Südeuropas (nach Fläche) Skutarisee
15%
Keine übereinstimmenden Quizze gefunden
Verteilung der Resultate
Anzahl Personen mit jedem Resultat
Perzentil nach korrekt beantworteten Fragen
Ihre Resultats-Entwicklung
Sie haben dieses Quiz noch nicht gespielt